000 00906nam a2200217Ia 4500
001 11116
003 GE_BSU
008 181216s||||||||xx |||||||||||||| ||und||
040 _cGE_BSU
080 _a532+621.22+628.13(075.8)
100 _aნანაძე,ე.ნ. წიკლაური,დ.ს.
245 _aჰიდრავლიკა,ჰიდრავლიკური მანქანები,წყალმომარაგება.
245 _cრედ:ქ.ა.ქუთათელაძე.
260 _aთბილისი.
260 _bსასოფლო-სამეურნეო ინ-ტის გამ-ბა.
260 _c1960.
300 _a291გვ;22სმ.
300 _eილ;
653 _aჰიდრავლიკა,ჰიდრავლიკური მანქანები,წყალმომარაგება.
942 _cBK
999 _c44355
_d44355